| 000 | 00332nam a2200121Ia 4500 | ||
|---|---|---|---|
| 008 | 220204s9999 xx 000 0 und d | ||
| 082 |
_a581.9(091) _bSTO |
||
| 100 | _aSTOTT, Philip | ||
| 245 | 0 | _aHistorical plant geography: An introduction | |
| 260 |
_aLondon _bGeorge Allen & Unwin _c1981 |
||
| 650 | _aPlant geography | ||
| 942 | _cBK | ||
| 999 |
_c38018 _d38018 |
||